مقولة إمكان البعث والخلود وأدلتها عند الأشاعرة وفلاسفة المغرب الإسلامي : (رقم التسجيلة. 178724)
[ عرض عادي ]
| 000 -LEADER | |
|---|---|
| fixed length control field | 04318namaa22004211i 4500 |
| 003 - CONTROL NUMBER IDENTIFIER | |
| control field | OSt |
| 005 - أخر تعامل مع التسجيلة | |
| control field | 20260401141403.0 |
| 008 - FIXED-LENGTH DATA ELEMENTS--GENERAL INFORMATION | |
| fixed length control field | 250827s2025 ua a|||frm||| 000 0 eng d |
| 040 ## - CATALOGING SOURCE | |
| Original cataloguing agency | EG-GICUC |
| Language of cataloging | ara |
| Transcribing agency | EG-GICUC |
| Modifying agency | EG-GICUC |
| Description conventions | rda |
| 041 0# - LANGUAGE CODE | |
| Language code of text/sound track or separate title | ara |
| Language code of summary or abstract | ara |
| -- | eng |
| 049 ## - Acquisition Source | |
| Acquisition Source | إيداع |
| 082 04 - DEWEY DECIMAL CLASSIFICATION NUMBER | |
| Classification number | 189.1 |
| 092 ## - LOCALLY ASSIGNED DEWEY CALL NUMBER (OCLC) | |
| Classification number | 189.1 |
| Edition number | 21 |
| 097 ## - Degree | |
| Degree | دكتـــــوراه |
| 099 ## - LOCAL FREE-TEXT CALL NUMBER (OCLC) | |
| Local Call Number | Cai01.06.06.Ph.D.2025.ري.م |
| 100 0# - MAIN ENTRY--PERSONAL NAME | |
| Authority record control number or standard number | ،رياض حمود سلمان |
| Preparation | إعداد. |
| 245 10 - TITLE STATEMENT | |
| Title | مقولة إمكان البعث والخلود وأدلتها عند الأشاعرة وفلاسفة المغرب الإسلامي : |
| Remainder of title | دراسة تحليلية تقويميَّة / |
| Statement of responsibility, etc. | إعداد رياض حمود سلمان؛ إشراف أ.د. السيد رزق الحجر، أ.د. مختار محمود عطا الله. |
| 246 15 - VARYING FORM OF TITLE | |
| Title proper/short title | The argument of the possibility of resurrection and immortality and its evidence according to the ash'aris and the philosophers of the islamic maghreb : |
| Remainder of title | An evaluative analytical study / |
| 264 #0 - PRODUCTION, PUBLICATION, DISTRIBUTION, MANUFACTURE, AND COPYRIGHT NOTICE | |
| Date of production, publication, distribution, manufacture, or copyright notice | 2025. |
| 300 ## - PHYSICAL DESCRIPTION | |
| Extent | 602 صفحة : |
| Other physical details | إيضاحيات ؛ |
| Dimensions | 30 سم. + |
| Accompanying material | CD. |
| 336 ## - CONTENT TYPE | |
| Content type term | text |
| Source | rda content |
| 337 ## - MEDIA TYPE | |
| Media type term | Unmediated |
| Source | rdamedia |
| 338 ## - CARRIER TYPE | |
| Carrier type term | volume |
| Source | rdacarrier |
| 502 ## - DISSERTATION NOTE | |
| Dissertation note | أطروحة (دكتوراه)-جامعة القاهرة، 2025. |
| 504 ## - BIBLIOGRAPHY, ETC. NOTE | |
| Bibliography, etc. note | ببليوجرافيا: صفحات 575-592. |
| 520 ## - SUMMARY, ETC. | |
| Summary, etc. | تناولت هذه الدراسة مقولة إمكان البعث والخلود وأدلتها عند الأشاعرة وفلاسفة المغرب الإسلامي، وقد حددتُ مشكلة البحث الرئيسية التي تتطلب معالجة علمية دقيقة، وتدور هذه الإشكالية حول ما إذا كانت مقولة الإمكان تنطبق على البعث والخلود أم لا، وما هي أدلتها التي تضعها في إطار الإمكان، وبالتالي فإنَّني قدمت مجموعة من الأدلة العقلية عند الاشاعرة وفلاسفة المغرب الإسلامي والتي تثبت صحة إمكان البعث والخلود وتنقض وتُبطل شبهات المنكرين الذين ينكرون البعث والخلود ووجود حياة بعد موت البدن ومفارقة النفس له، وبناء عليه كان الهدف من البحث هو إثبات صحة الإمكان لا الوقوع، وهذا ما يميز هذه الدراسة عن غيرها. |
| 520 ## - SUMMARY, ETC. | |
| Summary, etc. | This study dealt with the concept of the possibility of resurrection and immortality and its evidence according to the Ash'aris and the philosophers of the Islamic Maghreb. I identified the main research problem that requires precise scientific treatment. This problem revolves around whether the concept of possibility applies to resurrection and immortality or not, and what is its evidence that places it within the framework of possibility. Therefore, I presented a group of rational evidence according to the Ash'aris and the philosophers of the Islamic Maghreb that proves the validity of the possibility of resurrection and immortality and refutes and invalidates the doubts of deniers who deny resurrection and immortality and the existence of life after the death of the body and the departure of the soul from it. Accordingly, the aim of the research was to prove the validity of possibility, not occurrence, and this is what distinguishes this study from others. |
| 530 ## - ADDITIONAL PHYSICAL FORM AVAILABLE NOTE | |
| Issues CD | صدر أيضًا كقرص مدمج. |
| 546 ## - LANGUAGE NOTE | |
| Text Language | النص بالعربية والملخص باللغة الإنجليزية والعربية. |
| 650 #7 - SUBJECT ADDED ENTRY--TOPICAL TERM | |
| Topical term or geographic name entry element | الفلسفة الإسلامية |
| Source of heading or term | qrmak |
| 653 #0 - INDEX TERM--UNCONTROLLED | |
| Uncontrolled term | إمكان |
| -- | البعث |
| -- | الخلود |
| 700 0# - ADDED ENTRY--PERSONAL NAME | |
| Personal name | السيد رزق الحجر |
| Relator term | مشرف أطروحة. |
| 700 0# - ADDED ENTRY--PERSONAL NAME | |
| Personal name | مختار محمود عطا الله |
| Relator term | مشرف أطروحة. |
| 900 ## - Thesis Information | |
| Grant date | 27-02-2025 |
| Supervisory body | السيد رزق الحجر |
| -- | مختار محمود عطا الله |
| Discussion body | حسن الشافعي |
| -- | محمد عبد الدايم الجندي |
| Universities | جامعة القاهرة |
| Faculties | كلية دار العلوم |
| Department | قسم الفلسفة الإسلامية |
| 905 ## - Cataloger and Reviser Names | |
| Cataloger Name | Sara Salah |
| Reviser Names | Afaf |
| 942 ## - ADDED ENTRY ELEMENTS (KOHA) | |
| Source of classification or shelving scheme | Dewey Decimal Classification |
| Koha item type | Thesis |
| Edition | 21 |
| Suppress in OPAC | No |
| Source of classification or shelving scheme | Home library | Current library | Date acquired | Inventory number | Full call number | Barcode | Date last seen | Effective from | Koha item type |
|---|---|---|---|---|---|---|---|---|---|
| Dewey Decimal Classification | المكتبة المركزبة الجديدة - جامعة القاهرة | قاعة الرسائل الجامعية - الدور الاول | 25.02.2026 | 33017 | Cai01.06.06.Ph.D.2025.ري.م | 01010100033017000 | 25.02.2026 | 25.02.2026 | Thesis |